Every Goldberg match in WWE since 2016 - Statistics

General Stats
  • This quiz has been taken 23 times
  • The average score is 10 of 13
Answer Stats
Hint Answer % Correct
Survivor Series 2016 Brock Lesnar
100%
WrestleMania 33 Brock Lesnar
100%
Elimination Chamber 2022 Roman Reigns
94%
SNME - Jul 12, 2025 Gunther
88%
Super Showdown 2019 The Undertaker
88%
SummerSlam 2019 Dolph Ziggler
82%
Royal Rumble 2017 (Name the Winner) Randy Orton
76%
Super Showdown 2020 "The Fiend" Bray Wyatt
76%
Royal Rumble 2021 Drew McIntyre
71%
WrestleMania 36 (Night 1) Braun Strowman
65%
Fastlane 2017 Kevin Owens
65%
SummerSlam 2021 Bobby Lashley
59%
Crown Jewel 2021 Bobby Lashley
59%
No matching quizzes found
Score Distribution
Percent of People with Each Score
Percentile by Number Answered
Your Score History
You have not taken this quiz